| 000 | 00876nam a2200217 4500 | ||
|---|---|---|---|
| 001 | 2324 | ||
| 005 | 20181127164937.0 | ||
| 010 | 0 | 0 | _a |
| 090 | 0 | 0 | _a808.2 K491t 1974 |
| 100 | 0 | 0 | _aKim, Tai Yul. |
| 245 | 0 | 0 |
_aThree aesthetics of the mask: _bNietzsche,Yeats and Pirandello / _cTai Yul Kim. _h |
| 260 | 0 | 0 |
_aAnn Arbor, MI : _bUniversity Microfilms, _c1974. |
| 300 | 0 | 0 | _a150 l. |
| 500 | 0 | 0 | _a |
| 502 |
_aThesis _b(Ph.D.) _cIndiana University _d1973. _g |
||
| 600 |
_aNietzsche, Friedrich Wilhelm, 1844-1900--Criticism and interpretation. _b _c _d _e _f _k _l _m _n _o _p _q _r _s _t _v _x _y _z _2 |
||
| 600 |
_aPirandello, Luigi, 1867-1936--Criticism and interpretation. _b _c _d _e _f _k _l _m _n _o _p _q _r _s _t _v _x _y _z _2 |
||
| 600 |
_aYeats, W. B. (William Butler), 1865-1939--Criticism and interpretation. _b _c _d _e _f _k _l _m _n _o _p _q _r _s _t _v _x _y _z _2 |
||
| 650 | 0 | 0 |
_aMasks. _x |
| 650 | 0 | 0 |
_aTheater--History. _x |
| 999 |
_c1852 _d1852 |
||